000 00812cam a22002411 4500
001 12997
003 BD-RjUL
005 20211208235404.0
008 140130r19691949ii a b 001 0 eng d
035 _a(BD-RjUL)13047
040 _aDLC
_cDLC
_dDLC
_d(BD-RjUL)
_beng
041 _aeng
082 0 0 _a575
_bSIM 1969
100 1 _aSimpson, George Gaylord,
_d1902-1984.
_936185
245 1 4 _aThe meaning of evolution :
_ba study of the history of life and of its significance for man /
_cby George Gaylord Simpson,
260 _aNew Delhi ;
_a Bombay :
_bOxford & IBH publishing co.,
_c1969.
300 _axvii, 368p. :
_billus. ;
_c21 cm.
504 _aIncludes Index and Bibliographical footnotes.
650 0 _aEvolution (Biology)
_940514
942 _2ddc
_cBK
999 _c12997
_d12997